000
00303nam a2200133Ia 4500
008
200103s9999||||xx |||||||||||||| ||und||
040
_a
IMU-MPC
082
_a
Column-42
100
_a
Razmakhnin, M.
245
0
_a
Radar Made Easy
260
_b
Mir Publishers, Moscow
_c
1977
300
_a
136
942
_c
BK
999
_c
8674
_d
8674